000 00578nam a22002057a 4500
008 150609b xxu||||| |||| 00| 0 eng d
020 _a9780071750912
041 0 _aeng
080 _a618.1
_x(036)
245 0 0 _aWilliams gynecology /
_c[edited by] Barbara L. Hoffman ... [et al.].
246 1 _aGynecology
250 _a2nd ed.
260 _aNew York :
_bMcGraw-Hill Medical,
_c2012.
300 _a267 f.:
_bme il;
_c29 cm.
505 _aIndex: f. 261-267
650 0 _aGjinekologji
700 1 _aHoffman, Barbara L.
700 1 _aWilliams, J. Whitridge
942 _2udc
_cBK
999 _c1023
_d1023